Słynne cytaty ze świata polskiej piłki - Statystyki

Ogólne statystyki
  • Ten quiz został rozwiązany 46 razy
  • Średni wynik to 14 z 61
Statystyki odpowiedzi
Cytat Autor % Poprawnych
"Chu*a grają. Opie*dolimy ich!" Franciszek Smuda
77%
"Fatalny to ty jesteś, następne pytanie proszę." Michał Kucharczyk
72%
"Przyjadę do domu i chyba whisky se pierd..., bo co mi pozostało. Michał Probierz
51%
"Będę go zjadł. Myślę, że go sam ugotuję, tak po afrykańsku, i będę go zjadł." Prejuce Nakoulma
51%
"W Championship, jak walczysz o awans w barażach, to możesz przegrać u siebie 8:0, pojedziesz, wygrasz 1:0, i to już jest dogrywka, potem karne." Tomasz Hajto
51%
"Dla mnie on jest jakiś taki... chce robić z siebie taką wielką gwiazdę w Bayernie Monachium. Taki, jak to się mówi, "typowy Jugol", w garniturze i najważniejszy jest wygląd, nie sama gra." Tomasz Hajto
51%
"Panie Turek! Niech pan tu kończy to spotkanie! (…) Turku, kończ ten mecz!" Tomasz Zimoch
49%
"Tu nie ma co trenować, tu dzwonić trzeba." Janusz Wójcik
46%
"Ruda małpo, ja jeszcze żyję." Kazimierz Greń
46%
„Nie „co mecz to ja mam“, tylko co mecz, to my mamy, w ogóle, kompletnie, konkretnie problemy ze spodenkami.” Marcin Wasilewski
38%
"Kamilo! Ty never touch, ty never touch! Kamil! A masz osiem kartek, a ty never touch!" Szymon Marciniak
38%
"We will say what time will tell." Wojciech Pawłowski
38%
"Nie graj szefa." Kamil Grabara
36%
"Kasa, misiu, kasa." Janusz Wójcik
33%
"Na setkę mam trzy sekundy. Raz. Dwa. Trzy." (imitując przechylanie kieliszka) Grzegorz Lato
31%
"Widziałeś, co u robi? On odbija, siatkówka, kur..." Janusz Wójcik
28%
"Ja się nie poddam, ja będę walczył dalej. Będę walczył dalej, ja się nigdy nie poddam!" Piotr Rutkowski
28%
"Ściana naszych pragnień." Dariusz Szpakowski
26%
"Ludzie, mamy rok 2008, wyjdźcie ze swoich drewnianych chatek." Leo Beenhakker
26%
"No nie tak (to miało wyglądać). Jest ciężko, niedziela, godzina siedemnasta, pogoda też nie dopisuje do grania w piłkę. No co tu mogę więcej powiedzieć." Piotr Ćwielong
26%
"Zgadza się, no, jesteśmy dziadami, no. (...) Zasłużenie, proszę pana, bo my nie umiemy grać w piłkę. No, zasłużenie, no, nam się nawet nie należy drugie miejsce. My jesteśmy beznadziejni, kur..., i tylko tyle mam do powiedzenia." Grzegorz Skwara
23%
"My biegamy, jakbyśmy mieli dwa wozy węgla na plecach. My, kur..., nie jesteśmy przygotowani, jedną jedenastką gramy. (...) Żadnej dynamiki, żadnej szybkości, nic nie robimy tylko, kur..., jakieś dziwne, na chodzonego jakieś gry, kur..., to jest skandal. A później tak gramy, kur..." Jacek Wiśniewski
23%
"To je cirkus. Skandaloza." Nenad Bjelica
23%
"Adam, już musimy na chaos. Adam, dwie minuty, powiedz mu: na chaos, musimy tam, żeby walił, bo nie ma czasu." Piotr Świerczewski
23%
"Trzeba być basiorem, a nie piplokiem." Wojciech Łazarek
23%
"Możecie sprzedawać Lewandowskiego, mamy Arruabarrenę." Mirosław Trzeciak
21%
"Kibice są wku*wieni, my sami jesteśmy wku*wieni, trener jest wku*wiony i co jeszcze mam powiedzieć, no, ogólnie jedno wielkie wku*wienie. (...) Panie, no kur..., jak my przegrywamy mecz z drużyną skleconą na biegu z, nie wiem, dziewięciu gościu z Uzbekistanu czy Rosji, przecież to jest, kur..., skandal, naprawdę. (...) Można się po nas wszystkiego spodziewać, ale nie, że przegramy z ogórkami, kur..., nie obrażając ich, bo zagrali dzisiaj no tak, że... że z nami wygrali." Radosław Janukiewicz
21%
"Uganda? To są jakieś jaja. Albo te inne afrykańskie drużyny, pałętają się tam po buszu, ale w rankingu są przed nami, to jest zabawa." Franciszek Smuda
18%
"Ty dzisiaj siądziesz, bo tak dobrze tydzień temu zagrałeś, że drugi raz z rzędu na pewno ci się to nie zdarzy." Orest Lenczyk
18%
"Ja cenię tych chłopaków, szanuję ich. Powiedziałem: "połowa z was to są magistrowie, fakultety itd.", tylko ja dzielę piłkę nożną na dwa poziomy inteligencji – prywatny i piłkarski. A piłkarsko my jesteśmy debilami. (...) My mamy fajnych chłopaków, inteligentnych, AWFy, studia, farmaceutyka, ale na boisko widać, że jesteśmy piłkarskimi debilami." Jarosław Kotas
15%
"Kto wybrał drużyny do tego meczu?" (o Superpucharze Polski) Joanna Mucha
15%
"To skoro było tak dobrze, to dlaczego było tak źle?" Kazimierz Górski
15%
"Jak się szczęście zaczyna powtarzać, to już to nie jest szczęście." Kazimierz Górski
15%
"Ja się nie wpie*dalam." Paweł Janas
15%
"Mam bardzo duże kontakty, bo długo przebywałem zagranicą. Ja tym zawodem się praktycznie bawię. (...) Ja od ręki dzwonię do innych menadżerów, do FC Porto, do Francji, do Bordeaux, do kolegi Laurenta Blanca, selekcjonera reprezentacji Francji – ja mam duże kontakty." Piotr Świerczewski
15%
"Jest sytuacja taka, że gdzieś tam się komuś wymknęła." Cezary Kulesza
13%
"On zna trzy języki – dwa od butów i jeden swój, który i tak czasem trzeba tłumaczyć." Jan Tomaszewski
13%
"Mamy "boską" reprezentację. Jeden Bóg wie, jak ona zagra." Jan Tomaszewski
13%
"Wójcik? Dobry trener, ale z jedną wadą – nie ma wyników." Kazimierz Górski
13%
"Ludzie, piłka nożna to nie kebab!" Marek Citko
13%
"Może ktoś kopa w dupę powinien dostać albo w ryja, za przeproszeniem, to wtedy może się obudzimy i zdobędziemy jakieś punkty". Radosław Kałużny
13%
"Gramy na typowe udo: albo się udo, albo się nie udo." Wojciech Łazarek
13%
"Jestem gościnny, jak każdy góral. Myślę, że 95 procent alkoholu w życiu wypiłem służbowo." Zdzisław Kręcina
13%
"W kilku klubach, w których pracowałem płacono mi… czekami. Czekałem, czekam i będę czekał od nich na pieniądze." Bogusław Kaczmarek
10%
"Liga będzie ciekawsza." Maciej Skorża
10%
"W piłce jak na rybach, liczy się to co w sieci." Wojciech Łazarek
10%
"Owszem, przegraliśmy cały mecz, ale przecież wygraliśmy drugą połowę." Wojciech Łazarek
10%
"Graliśmy tak dobrze, że moje jądra same składały się do oklasków." Wojciech Łazarek
10%
"Z budowaniem drużyny jest podobnie jak z robieniem słonia. Dużo kurzu, szumu, a efekt za dwa lata." Wojciech Łazarek
10%
"A co, mam im lańsko dać? Myślicie, że mam tam do szatni wpaść? Co z tą Lechią? Czemu tam nikt nie gra?" Aleksandra Dulkiewicz
8%
„Żeby burdel zaczął dobrze funkcjonować, nie maluje się ścian, tylko wymienia panienki.“ Jan Tomaszewski
8%
"To jest moje zdanie i ja się z nim zgadzam." Jan Tomaszewski
8%
"Według moich obliczeń jeżeli oni po przerwie nie strzelą drugiej bramki, to bardzo trudno im będzie strzelić trzecią." Kazimierz Górski
8%
"Obojętnie." – na pytanie, czy ustalona kwota wynagrodzenia ma być brutto czy netto. Krzysztof Gajtkowski
8%
"W życiu przeczytałem tylko jedną książkę, bo miała tylko osiem stron. To była „Nasza szkapa”. Chyba coś o jakimś wychudzonym koniu." Mariusz Piekarski
5%
"Wśród dziesięciu tysięcy arbitrów niestety znalazła się jedna tzw. czarna owca." Michał Liskiewicz
5%
"Po obejrzeniu pięknego meczu Real – Barcelona postanowiłem, że skoro Mourinho może wstawić do bramki autobus, to my możemy wstawić przegubowiec." Orest Lenczyk
5%
"Wygniotłem sporo kartek, dużo pokreśliłem, rozpisałem wszystko na nowo i wyszło mi tak jak wyszło." Paweł Janas
5%
"Teraz potrzebna jest nam przypadkowa bramka." Tomasz Hajto
5%
"Czuję się wydymany jak dzi*ka po gang bangu." Tomasz Wróbel
5%
"Potok się, kur..., skompromitował kompletnie tym wystąpieniem." Zbigniew Lach
3%
Nie znaleziono quizów pasujących do podanych kryteriów
Rozkład punktacji
Procent ludzi z każdym wynikiem
Percentyl według liczby udzielonych odpowiedzi
Twoja historia wyników
Nie rozwiązałeś tego quizu